00341 a2200133 450000500170000000800410001702000180005808200150007610000160009124500370010726000290014430000130017350000210018620251029122429.0251029b |||||||| |||| 00| 0 eng d a9788194720164 a712.36/AGA aAgarwal M K aPro Children Neighbourhood Parks bMetro Booksc2025aDelhi a309pbHB alANDSCAPE GARDEN